Ο Μέγας Αλέξανδρος και ο ελληνισμός
Saved in:
| Main Author: | |
|---|---|
| Format: | Book |
| Language: | Greek |
| Published: |
Αθήνα :
Οργανισμός Εκδόσεως Διδακτικών Βιβλίων,
1979
|
| Subjects: | |
| Tags: |
Add Tag
No Tags, Be the first to tag this record!
|
MARC
| LEADER | 00000cam a2200000 i 4500 | ||
|---|---|---|---|
| 001 | 1/102299 | ||
| 008 | 950502s1979 gr | ||| |||| ||gre|| | ||
| 035 | |l 10012452 | ||
| 040 | |a GR-MY-UA |b gre |e aacr | ||
| 041 | 0 | |a gre | |
| 082 | 0 | |a 938.174 | |
| 100 | 1 | |a Δασκαλάκης, Απόστολος Β., |d 1900-1982. | |
| 245 | 1 | 2 | |a Ο Μέγας Αλέξανδρος και ο ελληνισμός / |c Απ. Β. Δασκαλάκης |
| 260 | |a Αθήνα : |b Οργανισμός Εκδόσεως Διδακτικών Βιβλίων, |c 1979 | ||
| 300 | |a 379 σ. | ||
| 600 | 0 | 7 | |2 nlgaf |a Αλέξανδρος ο Μέγας, |c Βασιλιάς της Μακεδονίας, |d 356-323. |
| 651 | 0 | |a Greece |x History |y To 146 B.C. | |
| 852 | |a INST |b LESVOS |e 19950502 |h 938.174 ΔΑΣ |p 005100001332 |q 005100001332 |t BK |y 0 | ||
| 909 | |a Λ |b 019716 | ||
| 922 | |a 1ΔΩΡ |b 199105 | ||